000 00344nam a2200133Ia 4500
008 100328s9999 xx 000 0 und d
082 _b60747
100 _aभावे पु.भा.
245 _aसार्थक.
260 _bप्रतिमा.
630 _aसार्थक.
730 _aसार्थक.
942 _cBOOK
999 _c546871
_d546868